00423nam a2200121Ia 4500008004100000245005800041245003700099260000900136650001200145856005200157999001900209952007300228171211s9999 xx 000 0 und d aAnatomy for Sculptors, Understanding the Human Figure cSandis Kondrats and Uldis Zarins c2014 xDrawing uhttp://down.ebook777.com/001/978-0990341109.pdf c348060d348060 001040aCLbCLd2017-12-11l0r2017-12-11 00:00:00w2017-12-11yCBE